000 00365 a2200169 4500
001 182998
020 _a85-08-06000-9
040 _cMagnum
100 _aPaes, Jose Paulo
240 1 0 _aUm passarinho me contou
_lpor
245 1 0 _aUm passarinho me contou
300 _a30
362 0 _a2002
440 1 _aÁtica
697 _aLITERATURA INFANTIL
942 _cBK
999 _c182998
_d182998